State,gender and the rhetoric of law reform (Record no. 2855)
[ view plain ]
| 000 -LEADER | |
|---|---|
| fixed length control field | 00500nam a2200205Ia 4500 |
| 005 - DATE AND TIME OF LATEST TRANSACTION | |
| control field | 20240605003635.0 |
| 008 - FIXED-LENGTH DATA ELEMENTS--GENERAL INFORMATION | |
| fixed length control field | 240331s9999 xx 000 0 und d |
| 020 ## - INTERNATIONAL STANDARD BOOK NUMBER | |
| ISBN | |
| 082 ## - DDC Classification | |
| Item Number - Author Mark | AGN |
| Class No. | 346 |
| 100 ## - MAIN ENTRY--PERSONAL NAME | |
| Personal name | Agnes, Flavia |
| 245 #0 - TITLE STATEMENT | |
| Title | State,gender and the rhetoric of law reform |
| 250 ## - EDITION STATEMENT | |
| Edition statement | 1 st |
| 260 ## - PUBLICATION, DISTRIBUTION, ETC. | |
| Place of publication, distribution, etc. | Bombay |
| Name of publisher, distributor, etc. | Research Centre for Women's Studies |
| Date of publication, distribution, etc. | 1995 |
| 300 ## - PHYSICAL DESCRIPTION | |
| Extent (e.g. Volumes, Pages etc.) | xii, 278 p ., |
| 650 ## - SUBJECT ADDED ENTRY--TOPICAL TERM | |
| Topical term or geographic name entry element | Gender |
| 650 ## - SUBJECT ADDED ENTRY--TOPICAL TERM | |
| Topical term or geographic name entry element | Women |
| 650 ## - SUBJECT ADDED ENTRY--TOPICAL TERM | |
| Topical term or geographic name entry element | Law |
| 650 ## - SUBJECT ADDED ENTRY--TOPICAL TERM | |
| Topical term or geographic name entry element | Economic Rights |
| 942 ## - Koha item type (Biblio) | |
| Koha item type | Books in Stacks (Lending) |
| Lost status | Damaged status | Collection code | Home library | Current library | Shelving location | Date acquired | Full call number | Accession Number | Item type |
|---|---|---|---|---|---|---|---|---|---|
| Lending | WERC Library | WERC Library | Social Science Cupboard | 03/31/2024 | 346 AGN | 2484 | Books in Stacks (Lending) |
